000
00335nam a2200133Ia 4500
008
240624s9999 xx 000 0 und d
041
_a
eng
082
_a
005.54 ETH
100
_a
ETHERIDGE DENISE
245
_a
EXCEL DATA ANALYSIS YOUR VISUAL BLUEPRINTT
250
_a
(3rd ed.)
260
_c
2013
_a
New Delhi
_b
Wiley
365
_c
RS
_b
33
999
_c
26539
_d
26539